01285nam a2200361Ia 450000500170000000700030001700800410002002000180006104000350007904100130011408400110012710000400013824501170017825000220029526400290031730000540034633600270040033700330042733800280046049000110048852100610049953400270056065000500058765000520063765000410068965000290073065000310075965000310079070000400082170000320086194200150089399900150090820220317001553.0ta210818s2016 ck a br 000 p spa d a9789589002148 aCO-BoRNBPbspaerdacCO-BoRNBP1 aspahpor aP MAC21 aMachado, Ana Maríad1941-eautora10a¿Dónde está mi almohada?cAna María Machado ; ilustraciones de Francesc Rovira ; traducción de Atalaire aPrimera edición 1aBogotábLoqueleoc2016 a[20] páginas sin numerarbilustraciones c19 cm atextobtxt2rdacontent asin mediaciónbn2rdamedia avolumenbnc2rdacarrier aCuento aRecomendado para un público infantil mayor de 6 años tCadê meu Travesseiro14aPoesía infantil brasileñaySiglo XX2LEMB14aLiteratura infantil brasileñaySiglo XX2LEMB14aAutores brasileñosySiglo XX2LEMB14aNiñosvPoesía 2LEMB14aAventurasvPoesía 2LEMB14aFantasíavPoesía2LEMB1 aRovira, Francesceilustrador9193721 aAtalaireetraductor9182278 2loccBKINF c7402d7402